[Event "Leverkusen op"]
[Site "Leverkusen"]
[Date "2004.03.15"]
[Round "6"]
[White "Hawelka, Othmar"]
[Black "Lessing, Sebastian"]
[Result "0-1"]
[WhiteElo "965"]
[BlackElo "990"]
[PlyCount "70"]
[EventDate "2004.01.12"]
[EventType "swiss"]
[EventRounds "9"]
[EventCountry "GER"]
[SourceTitle "EXT 2006"]
[Source "ChessBase"]
[SourceDate "2005.11.24"]
[SourceVersion "1"]
[SourceVersionDate "2005.11.24"]
[SourceQuality "1"]

1. d4 d5 2. e3 Nc6 3. c4 Nf6 4. Nd2 dxc4 5. Bxc4 Na5 6. Bb5+ Bd7 7. Qa4 c6 8. b4 cxb5 9. Qxa5 Qxa5 10. bxa5 e6 11. Ne2 Bb4 12. Rb1 Bxa5 13. 0-0 0-0 14. Nb3 Bb6 15. Nc5 a6 16. Nxb7 a5 17. Nd6 b4 18. Nc4 Rab8 19. a3 Bb5 20. Ne5 Bxe2 21. Re1 Ba6 22. axb4 Rfc8 23. b5 Bb7 24. Ba3 Bc7 25. Be7 Nd5 26. Bc5 Bxe5 27. Rec1 Bf6 28. g3 Nb4 29. Ra1 Nd3 30. Rc3 Nxc5 31. dxc5 Bxc3 32. Rc1 Rxc5 33. Rd1 Bd2 34. Rxd2 Rc1+ 35. Rd1 Rxd1# 0-1

[Event "Leverkusen op"]
[Site "Leverkusen"]
[Date "2004.01.12"]
[Round "1"]
[White "Hawelka, Othmar"]
[Black "Plobst, Mathias"]
[Result "0-1"]
[WhiteElo "965"]
[BlackElo "1859"]
[PlyCount "26"]
[EventDate "2004.01.12"]
[EventType "swiss"]
[EventRounds "9"]
[EventCountry "GER"]
[SourceTitle "EXT 2006"]
[Source "ChessBase"]
[SourceDate "2005.11.24"]
[SourceVersion "1"]
[SourceVersionDate "2005.11.24"]
[SourceQuality "1"]

1. d4 g6 2. Nf3 Bg7 3. e3 Nf6 4. Ng5 0-0 5. h3 c6 6. c3 d5 7. Nd2 Qd6 8. Ndf3 h6 9. Nxf7 Rxf7 10. Ne5 Rf8 11. Nxg6 Re8 12. f3 Qg3+ 13. Kd2 Qxg6 0-1

[Event "Leverkusen-ch op 14th"]
[Site "Leverkusen"]
[Date "2002.01.28"]
[Round "2"]
[White "Gnass, Arno"]
[Black "Hawelka, Othmar"]
[Result "1-0"]
[WhiteElo "1728"]
[BlackElo "958"]
[PlyCount "37"]
[EventDate "2002.01.14"]
[EventType "swiss"]
[EventRounds "9"]
[EventCountry "GER"]
[SourceTitle "EXT 2004"]
[Source "ChessBase"]
[SourceDate "2003.11.25"]
[SourceVersion "1"]
[SourceVersionDate "2003.11.25"]
[SourceQuality "1"]

1. d4 e6 2. c4 Nc6 3. Nf3 Bd6 4. Nc3 Nge7 5. c5 Bxc5 6. dxc5 0-0 7. Bg5 f6 8. Bf4 e5 9. Bg3 Nf5 10. e3 Qe7 11. Qc2 g6 12. Nd5 Qd8 13. Bc4 Kh8 14. b4 Nxg3 15. hxg3 d6 16. Qxg6 Qd7 17. Nxf6 Qg7 18. Qxh7+ Qxh7 19. Rxh7# 1-0